| 000 | 00653cam a2200193 4500500 | ||
|---|---|---|---|
| 005 | 20251228091022.0 | ||
| 041 | _afre | ||
| 042 | _adc | ||
| 100 | 1 | 0 |
_aGraham, Eduardo _eauthor |
| 700 | 1 | 0 |
_aCiò, Andrés Di _eauthor |
| 700 | 1 | 0 |
_aMaría Díaz, Ignacio _eauthor |
| 700 | 1 | 0 |
_aSarmiento, Belén _eauthor |
| 700 | 1 | 0 |
_aFaguer, Nicolas _eauthor |
| 245 | 0 | 0 | _aLire Péguy en Argentine |
| 260 | _c2023. | ||
| 500 | _a27 | ||
| 786 | 0 | _nBulletin de l’Amitié Charles Péguy | 178 | 2 | 2023-05-07 | p. 211-217 | 0180-8567 | |
| 856 | 4 | 1 | _uhttps://shs.cairn.info/revue-bulletin-de-lamitie-charles-peguy-2023-2-page-211?lang=fr&redirect-ssocas=7080 |
| 999 |
_c1602965 _d1602965 |
||